Vida de los peces en aguas chilenas

Guardat en:
Dades bibliogràfiques
Autor principal: Mann Fischer, Guillermo (autor)
Format: Llibre
Idioma:espanyol
Publicat: Santiago Ministerio de Agricultura, Instituto de Investigaciones Veterinarias 1954
Matèries:
Etiquetes: Afegir etiqueta
Sense etiquetes, Sigues el primer a etiquetar aquest registre!

MARC

LEADER 00000nam a2200000 a 4500
001 UCY3858
003 CL-VaPUC
008 950119e19540000CL |||||||||||||||||spa|d
082 0 4 |a 597.0983  |b MAN  |2 21 
100 |a Mann Fischer, Guillermo  |e autor  |9 511491 
245 1 0 |a Vida de los peces en aguas chilenas 
300 |a 342 p 
942 |c BK 
945 |d 19950119 00:00:00  |a mfernand 
260 |a Santiago  |b Ministerio de Agricultura, Instituto de Investigaciones Veterinarias  |c 1954 
650 7 |a PECES IDENTIFICACION  |2 CL-VaPUC  |9 261269 
651 7 |a CHILE  |2 CL-VaPUC  |9 332280 
583 |a last modification  |c 19950119 00:00:00  |k Rodrigo Vera 
999 |c 231901  |d 231899 
952 |0 0  |1 0  |4 0  |6 597_098300000000000_MAN_1954  |7 0  |8 CCM  |9 235709  |a BIBCUR  |b BIBCUR  |d 2019-11-15  |i 3057011  |o 597.0983 MAN 1954  |p 3057011  |r 2025-04-22  |w 2019-11-15  |y BK_F  |k CIM